Compromiso de Acapulco para la paz, el desarrollo y la democracia

Αποθηκεύτηκε σε:
Λεπτομέρειες βιβλιογραφικής εγγραφής
Μορφή: Κείμενο
Έκδοση: Acapulco: s.e.
Ετικέτες: Προσθήκη ετικέτας
Δεν υπάρχουν, Καταχωρήστε ετικέτα πρώτοι!

MARC

LEADER 00000 a a2200000 04500
001 23767
003
040 |a CRAI/IIS  |c CRAI/IIS 
090 |a 168100  
245 |a Compromiso de Acapulco para la paz, el desarrollo y la democracia  
260 |a Acapulco:   |b s.e.  
300 |a 29 p.  
999 |c 12573  |d 12573